|
|
|
|
| LEADER |
00610cam a2200193 a 4500 |
| 001 |
0000050278 |
| 005 |
20011025090000.0 |
| 040 |
|
|
|a mod
|
| 041 |
|
|
|a eng
|
| 020 |
0 |
0 |
|a 0887404723
|
| 090 |
0 |
0 |
|a 355.02
|b BRO
|c f
|
| 100 |
1 |
0 |
|a Brown
|h David F
|
| 245 |
1 |
0 |
|a Birds of prey
|b aircraft, nose art & mission markings of Operationn Desert Shield/Desert Storm
|c David F. Brown
|
| 260 |
0 |
0 |
|a Afglen
|b Schiffer Publ.
|c 1993
|
| 300 |
0 |
0 |
|a 159p.
|c 30cm
|
| 650 |
0 |
0 |
|a Persian Gulf War, 1991
|
| 650 |
0 |
0 |
|a Desert warfare
|
| 650 |
0 |
0 |
|a Fighter planes
|x Pictorial works
|
| 999 |
|
|
|a 0181670
|b PUSTAKMAR
|d BOOKS
|e Umum
|f PUSTAKMAR
|j AVAILABLE
|q GOOD CONDITION
|